[Event "45th ch-RSA 2011"]
[Site "Cape Town RSA"]
[Date "2011.12.04"]
[Round "11"]
[White "Steel,H"]
[Black "Ovcina,D"]
[Result "1-0"]
[WhiteTitle "FM"]
[WhiteElo "2388"]
[BlackElo "2249"]
[WhiteFideId "14300567"]
[BlackFideId "14300460"]
[EventDate "2011.11.26"]
[EventType "tourn"]

1. e4 c5 2. Nf3 d6 3. Nc3 Nf6 4. d4 cxd4 5. Nxd4 a6 6. Be2 e5 7. Nb3 Be7 8. O-O
O-O 9. Kh1 b5 10. a4 b4 11. Nd5 Bb7 12. f3 Nxd5 13. exd5 a5 14. c3 bxc3 15. bxc3
Bg5 16. Bb5 Bxc1 17. Rxc1 Na6 18. c4 Qb6 19. Qd2 Nc5 20. Qf2 Rac8 21. Rb1 Qd8
22. Nxc5 Rxc5 23. f4 f6 24. fxe5 fxe5 25. Qd2 Rxf1+ 26. Rxf1 Bc8 27. h3 g6 28.
Qh6 Bf5 29. Rf2 Rc7 30. Kh2 Bd3 31. Qe3 Bxc4 32. Qb6 Bxd5 33. Rd2 Bf7 34. Qxa5
Rc8 35. Qxd8+ Rxd8 36. a5 d5 37. a6 Ra8 38. Rc2 Ra7 39. Rc8+ Kg7 40. Rb8 Kf6 41.
Rb6+ Kg7 42. Rb7 Ra8 43. a7 e4 44. Bc6 1-0

[Event "45th ch-RSA 2011"]
[Site "Cape Town RSA"]
[Date "2011.12.04"]
[Round "11"]
[White "Dole,A"]
[Black "Klaasen,C"]
[Result "1-0"]
[WhiteElo "2113"]
[BlackElo "2093"]
[WhiteFideId "14301490"]
[BlackFideId "14300133"]
[EventDate "2011.11.26"]
[EventType "tourn"]

1. e4 c5 2. Nf3 d6 3. d4 cxd4 4. Nxd4 Nf6 5. Nc3 a6 6. Be3 e5 7. Nf3 Be7 8. Bc4
O-O 9. O-O Be6 10. Bb3 h6 11. Qe2 Nc6 12. Rfd1 b5 13. Nh4 Qd7 14. Nf5 Bxf5 15.
exf5 Qxf5 16. a4 Nb4 17. axb5 axb5 18. Rxa8 Rxa8 19. Nxb5 Rd8 20. c3 Nc6 21. Qc4
Qe6 22. Qxe6 fxe6 23. Bxe6+ Kf8 24. c4 Ra8 25. g3 Ne8 26. Bd5 Ra6 27. Kg2 Nb4
28. Be6 Nc2 29. Bd2 Bd8 30. Bc3 Nc7 31. Bf5 Nd4 32. Nxd4 exd4 33. Bxd4 Bf6 34.
Bxf6 gxf6 35. b4 Rb6 36. b5 1-0

[Event "45th ch-RSA 2011"]
[Site "Cape Town RSA"]
[Date "2011.12.04"]
[Round "11"]
[White "Klaver,C"]
[Black "Kobese,W"]
[Result "0-1"]
[BlackTitle "IM"]
[WhiteElo "2098"]
[BlackElo "2355"]
[WhiteFideId "14301725"]
[BlackFideId "14300141"]
[EventDate "2011.11.26"]
[EventType "tourn"]

1. d4 e6 2. Nf3 c5 3. e3 Nf6 4. Bd3 b6 5. O-O Bb7 6. Nbd2 Be7 7. b3 cxd4 8. exd4
Nd5 9. c4 Nf4 10. Bc2 d5 11. g3 Nh3+ 12. Kg2 Ng5 13. Nxg5 Bxg5 14. cxd5 Bxd5+
15. f3 Nc6 16. Ne4 Bxc1 17. Rxc1 Rc8 18. Bb1 O-O 19. Qd3 f5 20. Nd2 Qf6 21. Nc4
Nxd4 22. Rcd1 Rfd8 23. Qe3 Nc6 24. Rfe1 b5 25. Nd2 Rc7 26. Ne4 fxe4 27. fxe4
Bxb3 28. axb3 Rxd1 29. Rxd1 Rf7 30. Qe2 Nd4 31. Qe3 e5 32. b4 Rf8 33. Bd3 Qd6
34. Bxb5 Qxb4 35. Be2 Nc2 36. Qxa7 Qxe4+ 37. Kh3 Qxe2 0-1

[Event "45th ch-RSA 2011"]
[Site "Cape Town RSA"]
[Date "2011.12.04"]
[Round "11"]
[White "Mosetlhe,K"]
[Black "Bouah,L"]
[Result "1/2-1/2"]
[BlackTitle "CM"]
[WhiteElo "2138"]
[BlackElo "2148"]
[WhiteFideId "14301610"]
[BlackFideId "14300052"]
[EventDate "2011.11.26"]
[EventType "tourn"]

1. d4 Nf6 2. c4 g6 3. g3 Bg7 4. Bg2 O-O 5. Nc3 d6 6. Nf3 Nc6 7. d5 Na5 8. Nd2 c5
9. O-O a6 10. a4 e6 11. Qc2 exd5 12. cxd5 Rb8 13. Nde4 Nxe4 14. Nxe4 1/2-1/2

[Event "3rd OCF Thanksgiving"]
[Site "Stillwater USA"]
[Date "2011.11.25"]
[Round "1.1"]
[White "Giminez,Randy"]
[Black "Langer,M USA"]
[Result "0-1"]
[BlackTitle "FM"]
[WhiteElo "1811"]
[BlackElo "2206"]
[WhiteFideId "2047349"]
[BlackFideId "2015064"]
[EventDate "2011.11.25"]
[EventType "swiss"]

1. e4 c5 2. d4 cxd4 3. c3 dxc3 4. Nxc3 d6 5. Bc4 a6 6. Nf3 Nc6 7. O-O Nf6 8. Qe2
Bg4 9. Rd1 Bxf3 10. gxf3 e6 11. f4 b5 12. Nxb5 axb5 13. Bxb5 Rc8 14. a4 Be7 15.
b4 O-O 16. Bxc6 Rxc6 17. b5 Rc3 18. a5 Qa8 19. b6 Nxe4 20. a6 Nc5 21. Be3 Bf6
22. Bxc5 dxc5 23. b7 Qa7 24. Ra2 Bd4 25. Rxd4 cxd4 26. Qe5 Rb3 27. Qa5 d3 28.
Qd2 Rb1+ 29. Kg2 Rxb7 30. axb7 Qxb7+ 31. f3 Rd8 32. Ra3 Qb1 33. Rc3 h6 34. Rc6
Ra8 35. Rc1 Ra2 36. Rxb1 Rxd2+ 37. Kg3 Re2 38. Rd1 d2 39. h4 f5 0-1

[Event "3rd OCF Thanksgiving"]
[Site "Stillwater USA"]
[Date "2011.11.25"]
[Round "1.2"]
[White "Orton,W"]
[Black "Anderson,M"]
[Result "1-0"]
[WhiteElo "2149"]
[BlackElo "1837"]
[WhiteFideId "2003112"]
[BlackFideId "2038757"]
[EventDate "2011.11.25"]
[EventType "swiss"]

1. e4 c6 2. d4 d5 3. exd5 cxd5 4. c4 Nf6 5. Nc3 g6 6. Qb3 Bg7 7. cxd5 O-O 8. Be2
Nbd7 9. Bf3 Nb6 10. Nge2 Bg4 11. Bxg4 Nxg4 12. O-O Nf6 13. Nf4 Qd7 14. Be3 Rad8
15. Rac1 Nbxd5 16. Nfxd5 Nxd5 17. Nxd5 Qxd5 18. Qxd5 Rxd5 19. Rc7 Rb5 20. b3 e6
21. Rfc1 h5 22. Kf1 a6 23. Rd7 Bf6 24. Rcc7 b6 25. Rb7 a5 26. Rd6 Rb4 27. Rbxb6
Rxb6 28. Rxb6 Rd8 29. Rb5 a4 30. Rb4 axb3 31. axb3 Kg7 32. Ke2 Rd5 33. Kd3 Be7
34. Rb7 Bd6 35. g3 h4 36. Kc4 h3 37. Rb5 Rxb5 38. Kxb5 f5 39. b4 Kf6 40. Bf4 Bf8
41. Kc4 g5 42. Be5+ Ke7 43. b5 Kd7 44. d5 Ba3 45. b6 exd5+ 46. Kxd5 Kc8 47. Kc6 1-0

[Event "3rd OCF Thanksgiving"]
[Site "Stillwater USA"]
[Date "2011.11.25"]
[Round "1.3"]
[White "Chikkala,Srikar"]
[Black "Holliman,B"]
[Result "0-1"]
[WhiteElo "1810"]
[BlackElo "2070"]
[WhiteFideId "2022249"]
[BlackFideId "2031752"]
[EventDate "2011.11.25"]
[EventType "swiss"]

1. e4 e6 2. d4 d5 3. e5 c5 4. c3 Nc6 5. Nf3 Qb6 6. a3 c4 7. Qc2 Na5 8. Be3 Nb3
9. Ra2 Bd7 10. Nbd2 Ba4 11. Qb1 Qc7 12. Be2 O-O-O 13. Nxb3 Bxb3 14. Ra1 Ne7 15.
Bd1 Bxd1 16. Qxd1 Nc6 17. Bg5 Rd7 18. O-O Qb6 19. Qc2 Rc7 20. Rfe1 Na5 21. Nd2
Qc6 22. Rac1 Qd7 23. Qd1 Rc6 24. Qa4 Ra6 25. Qxd7+ Kxd7 26. f4 Rb6 27. Rc2 Nb3
28. Nxb3 Rxb3 29. Rf1 h6 30. Bh4 g6 31. Bf6 Rh7 32. g4 h5 33. g5 Be7 34. Bxe7
Kxe7 35. h4 Rb5 36. Rff2 a5 37. a4 0-1

[Event "3rd OCF Thanksgiving"]
[Site "Stillwater USA"]
[Date "2011.11.25"]
[Round "1.4"]
[White "Braunlich,T"]
[Black "Kelly,Joey M"]
[Result "1-0"]
[WhiteElo "2191"]
[BlackElo "1856"]
[WhiteFideId "2017016"]
[BlackFideId "2071207"]
[EventDate "2011.11.25"]
[EventType "swiss"]

1. d4 d5 2. Nf3 Nf6 3. e3 Bf5 4. c4 c6 5. Nc3 e6 6. Nh4 Bg4 7. Qb3 Qb6 8. h3 Bh5
9. c5 Qxb3 10. axb3 Nbd7 11. b4 e5 12. b5 e4 13. bxc6 bxc6 14. b4 g5 15. Nf5 Bg6
16. Ng3 Be7 17. b5 Nb8 18. bxc6 Nxc6 19. Bb5 Kd7 20. Ra6 Rhc8 21. Bd2 Rc7 22.
Ke2 h5 23. Rha1 h4 24. Nf1 Bh5+ 25. Ke1 Bg6 26. Bc1 Bf5 27. Nd2 Be6 28. Nb3 Rb8
29. Na5 Rbc8 30. Nxc6 Rxc6 31. Rxc6 Rxc6 32. Rxa7+ Kd8 33. Bxc6 Bf8 34. Ba3 Bh6
35. Bb4 Kc8 36. Ba5 Kb8 37. Ra8# 1-0

[Event "3rd OCF Thanksgiving"]
[Site "Stillwater USA"]
[Date "2011.11.25"]
[Round "2.1"]
[White "Langer,M USA"]
[Black "Braunlich,T"]
[Result "1-0"]
[WhiteTitle "FM"]
[WhiteElo "2206"]
[BlackElo "2191"]
[WhiteFideId "2015064"]
[BlackFideId "2017016"]
[EventDate "2011.11.25"]
[EventType "swiss"]

1. e4 c5 2. Nf3 d6 3. d4 cxd4 4. Nxd4 Nf6 5. Nc3 a6 6. Bg5 e6 7. f4 Nc6 8. e5 h6
9. Bh4 Nxd4 10. Qxd4 dxe5 11. Qxd8+ Kxd8 12. fxe5 g5 13. O-O-O+ Nd7 14. Bg3 Bg7
15. Be2 Ke7 16. Bh5 b5 17. Rhf1 Rf8 18. Ne4 Nxe5 19. Rfe1 f5 20. Nd6 f4 21. Bf2
Nf7 22. Bc5 1-0

[Event "3rd OCF Thanksgiving"]
[Site "Stillwater USA"]
[Date "2011.11.25"]
[Round "2.3"]
[White "Holliman,B"]
[Black "Johnson,C"]
[Result "1-0"]
[WhiteElo "2070"]
[BlackElo "1885"]
[WhiteFideId "2031752"]
[BlackFideId "2021919"]
[EventDate "2011.11.25"]
[EventType "swiss"]

1. Nf3 Nf6 2. c4 g6 3. g3 b6 4. Bg2 Bb7 5. Nc3 Bg7 6. O-O Ne4 7. Nxe4 Bxe4 8. d3
Bc6 9. Rb1 a5 10. Be3 O-O 11. Qd2 Re8 12. Rfd1 e5 13. Bh6 e4 14. dxe4 Bxe4 15.
Rbc1 Qf6 16. Bxg7 Kxg7 17. Rc3 Na6 18. Re3 Bc6 19. Nd4 Bxg2 20. Kxg2 Nc5 21. f3
Re7 22. Rxe7 Qxe7 23. Nb5 Re8 24. e4 d6 25. Nc3 Qd7 26. Nd5 f6 27. Ne3 h5 28.
Nd5 Re5 29. Qc3 Qf7 30. Rd2 g5 31. Ne3 g4 32. Nf5+ Kf8 33. Rd4 Qe6 34. Qe3 Rxf5
35. Qh6+ Ke8 36. Qg6+ Ke7 37. Qxf5 gxf3+ 38. Kxf3 Qf7 39. b3 Ne6 40. Rd5 c6 41.
Rd2 Ng5+ 42. Kg2 Qg8 43. Qf4 Qe6 44. Re2 Qh3+ 45. Kg1 Ne6 46. Qf5 Qg4 47. Qxg4
hxg4 48. Kf2 c5 49. Ke3 Nd4 50. Rf2 Nc6 51. Kf4 Ne5 52. Kf5 a4 53. Re2 a3 54.
Re1 Nd3 55. Rd1 Ne5 56. Rh1 Kf7 57. h3 gxh3 58. Rxh3 Ke7 59. Rh7+ Kd8 60. Ke6 1-0

[Event "3rd OCF Thanksgiving"]
[Site "Stillwater USA"]
[Date "2011.11.25"]
[Round "2.10"]
[White "Nickels,Erik J"]
[Black "Chikkala,Srikar"]
[Result "1-0"]
[WhiteElo "1732"]
[BlackElo "1810"]
[WhiteFideId "2054590"]
[BlackFideId "2022249"]
[EventDate "2011.11.25"]
[EventType "swiss"]

1. d4 d5 2. c4 c6 3. Nc3 Nf6 4. Nf3 dxc4 5. e3 b5 6. a4 Bd7 7. axb5 cxb5 8. Bd2
e6 9. Be2 Be7 10. Ne5 O-O 11. Bf3 b4 12. Bxa8 bxc3 13. bxc3 Nd5 14. Nxc4 Nc6 15.
Bxc6 Bxc6 16. Ne5 Ba8 17. O-O f6 18. Nf3 e5 19. c4 Nb6 20. Ba5 Qc8 21. Bxb6 axb6
22. Qb3 Kh8 23. dxe5 fxe5 24. Ra7 Bxf3 25. gxf3 e4 26. Kh1 Bd6 27. Qc3 Rg8 28.
Rg1 Bc7 29. f4 Qh3 30. Qxg7+ Rxg7 31. Ra8+ Rg8 32. Raxg8# 1-0

[Event "3rd OCF Thanksgiving"]
[Site "Stillwater USA"]
[Date "2011.11.25"]
[Round "2.11"]
[White "Latino,C"]
[Black "Long,Ja1"]
[Result "1-0"]
[WhiteElo "2018"]
[BlackElo "2019"]
[WhiteFideId "2027275"]
[BlackFideId "2043181"]
[EventDate "2011.11.25"]
[EventType "swiss"]

1. d4 Nf6 2. Nf3 g6 3. e3 Bg7 4. Bd3 d6 5. O-O Nbd7 6. e4 e5 7. c3 O-O 8. Bg5 h6
9. Bd2 c5 10. d5 c4 11. Bc2 Nc5 12. Qe2 b5 13. b4 cxb3 14. axb3 a6 15. b4 Ncd7
16. Bd3 Bb7 17. Na3 Nh5 18. Nc2 Rc8 19. Ra3 Nb6 20. g3 Qd7 21. Nh4 Nc4 22. Bxc4
Rxc4 23. f3 Qh3 24. Ne3 Rc7 25. Ng4 Kh7 26. Ng2 Nf6 27. N2e3 h5 28. Nf2 Qc8 29.
Ng2 Nd7 30. g4 hxg4 31. fxg4 Nb6 32. Ne3 Rh8 33. Qf3 f6 34. Nfd1 Kg8 35. Rf2 Rf7
36. Nb2 Bh6 37. Rg2 Bf4 38. Nf1 g5 39. Ng3 Rh3 40. Qd1 Bxg3 41. Rxg3 Rxg3+ 42.
hxg3 Nc4 43. Nxc4 Qxc4 44. Qf3 Bc8 45. Ra1 Qc7 46. Rf1 Qd7 47. Ra1 Qe7 48. Kg2
Qd7 49. Qf5 Qd8 50. Qf3 Rh7 51. Rh1 Rxh1 52. Kxh1 Kg7 53. Kg2 Bd7 54. Kh3 Qh8+
55. Kg2 Qc8 56. Kh3 Qc4 57. Kg2 Qd3 58. Qxd3 1-0

[Event "3rd OCF Thanksgiving"]
[Site "Stillwater USA"]
[Date "2011.11.25"]
[Round "3.5"]
[White "Johnson,C"]
[Black "Garrett,William J"]
[Result "1/2-1/2"]
[WhiteElo "1885"]
[BlackElo "1951"]
[WhiteFideId "2021919"]
[BlackFideId "2067803"]
[EventDate "2011.11.25"]
[EventType "swiss"]

1. e4 c5 2. b4 cxb4 3. a3 d5 4. exd5 Nf6 5. axb4 Nxd5 6. d4 Nxb4 7. c3 Nd5 8.
Nf3 e6 9. Bd3 Be7 10. Qc2 h6 11. O-O Nc6 12. Na3 O-O 13. Nc4 b6 14. Ne3 Bb7 15.
Ng4 Rc8 16. Qd2 Bg5 17. Qb2 Nf4 18. Bb1 Qd5 19. Ne3 Qd8 20. h4 Be7 21. g3 Nd5
22. Ng4 f5 23. Nge5 Nxe5 24. Nxe5 Nxc3 25. Be3 a5 26. Bd3 Bf6 1/2-1/2

[Event "3rd OCF Thanksgiving"]
[Site "Stillwater USA"]
[Date "2011.11.25"]
[Round "3.6"]
[White "Kelly,Joey M"]
[Black "Anderson,M"]
[Result "0-1"]
[WhiteElo "1856"]
[BlackElo "1837"]
[WhiteFideId "2071207"]
[BlackFideId "2038757"]
[EventDate "2011.11.25"]
[EventType "swiss"]

1. d4 d5 2. Nf3 Nf6 3. e3 Bg4 4. c4 e6 5. Qb3 b6 6. Nc3 Be7 7. Be2 O-O 8. O-O
dxc4 9. Qxc4 Nbd7 10. Bd2 c5 11. Rac1 Rc8 12. Qa6 cxd4 13. Nxd4 Bxe2 14. Qxe2
Ne5 15. Rfd1 Bc5 16. Be1 Qe7 17. Rc2 Nfg4 18. h3 Nf6 19. Rcd2 Qb7 20. Ndb5 a6
21. Nd6 Bxd6 22. Rxd6 Nc4 23. R6d4 b5 24. Nb1 e5 25. R4d3 Rfe8 26. Nc3 Qa8 27.
Nd5 Nxd5 28. Rxd5 Rcd8 29. R5d3 Rxd3 30. Rxd3 Rd8 31. b3 Rxd3 32. Qxd3 e4 33.
Qd4 Na3 34. Qc5 Qf8 35. Qc6 h6 36. Qxe4 Qc8 37. Qd3 Qc1 38. Qd2 Qb1 39. Qa5 Nc2
40. Kf1 b4 41. Qd8+ Kh7 42. Qd2 Qxa2 43. Qd3+ g6 44. Qd5 Kg8 45. Qd8+ Kg7 46.
Qd3 Qb1 47. Qd2 Qxb3 48. Qd6 Qb1 49. Qd2 b3 50. Qc3+ Kh7 51. Ke2 Qxe1+ 52. Kd3
Qf1+ 53. Ke4 Qxg2+ 54. Kd3 Qd5+ 55. Ke2 a5 56. f3 a4 57. e4 Qb5+ 58. Kd1 Qf1+
59. Kd2 Qe1+ 60. Kd3 Qxc3+ 61. Kxc3 Kg7 62. Kb2 g5 63. e5 Kg6 64. Kc3 Kf5 65. e6
Kxe6 66. Kb2 Ne3 67. Ka3 Nd1 68. f4 gxf4 69. h4 b2 70. Ka2 a3 71. Kb1 Nc3+ 72.
Kc2 b1=Q+ 73. Kxc3 Qb2+ 74. Kc4 Kd6 75. h5 Qd2 76. Kb5 Qc3 77. Kb6 Qc4 78. Ka7
Qb3 79. Ka6 a2 80. Ka7 a1=Q# 0-1

[Event "3rd OCF Thanksgiving"]
[Site "Stillwater USA"]
[Date "2011.11.25"]
[Round "3.7"]
[White "Giminez,Randy"]
[Black "Nickels,Erik J"]
[Result "1-0"]
[WhiteElo "1811"]
[BlackElo "1732"]
[WhiteFideId "2047349"]
[BlackFideId "2054590"]
[EventDate "2011.11.25"]
[EventType "swiss"]

1. e4 c5 2. d4 cxd4 3. c3 dxc3 4. Nxc3 Nc6 5. Bc4 e6 6. Nf3 d6 7. O-O Be7 8. Qe2
e5 9. Rd1 Nf6 10. h3 O-O 11. a3 a6 12. b4 Qc7 13. Bb2 Rd8 14. Rac1 b5 15. Bd5
Bb7 16. Bxc6 Bxc6 17. Nd5 Nxd5 18. exd5 e4 19. Nd4 Bf6 20. Rxc6 Qa7 21. Nf5 Bxb2
22. Qxb2 1-0

[Event "3rd OCF Thanksgiving"]
[Site "Stillwater USA"]
[Date "2011.11.25"]
[Round "3.9"]
[White "Orton,W"]
[Black "Hatcher,Wayne L"]
[Result "1-0"]
[WhiteElo "2149"]
[BlackElo "1932"]
[WhiteFideId "2003112"]
[BlackFideId "2059975"]
[EventDate "2011.11.25"]
[EventType "swiss"]

1. e4 e6 2. d4 d5 3. e5 c5 4. c3 Qb6 5. Nf3 Nc6 6. a3 cxd4 7. cxd4 Nge7 8. b4
Nf5 9. Bb2 h5 10. Bd3 g6 11. h4 Bd7 12. Bxf5 gxf5 13. Nc3 Be7 14. Na4 Qb5 15.
Nc5 a5 16. Bc3 b6 17. Nxd7 Kxd7 18. bxa5 Qc4 19. Bd2 bxa5 20. Qe2 Qxe2+ 21. Kxe2
a4 22. Bg5 Rhb8 23. Bxe7 Rb2+ 24. Nd2 Nxd4+ 25. Kd3 Kxe7 26. Kxd4 Rxd2+ 27. Ke3
Rb2 28. Rhc1 Kd7 29. Rc5 Rc8 30. Ra5 Rc4 31. g3 Rb3+ 32. Ke2 Rc2+ 33. Ke1 Rbb2
34. Ra7+ Kd8 35. Rxa4 Rxf2 36. Ra8+ Kd7 37. Ra7+ Kc6 38. Rc1+ Kb6 39. Rcc7 Rbe2+
40. Kd1 Ra2 41. Rab7+ Ka6 42. Ra7+ Kb6 43. Rab7+ Ka5 44. Ra7+ Kb5 45. Rab7+ Ka4
46. Ra7+ Kb3 47. Rab7+ Kxa3 48. Ra7+ 1-0

[Event "3rd OCF Thanksgiving"]
[Site "Stillwater USA"]
[Date "2011.11.26"]
[Round "4.1"]
[White "Langer,M USA"]
[Black "Orton,W"]
[Result "0-1"]
[WhiteTitle "FM"]
[WhiteElo "2206"]
[BlackElo "2149"]
[WhiteFideId "2015064"]
[BlackFideId "2003112"]
[EventDate "2011.11.25"]
[EventType "swiss"]

1. e4 c5 2. Nf3 e6 3. d4 cxd4 4. Nxd4 a6 5. Bd3 e5 6. Nf5 g6 7. Ne3 Nf6 8. O-O
d6 9. Nc3 Be6 10. f4 exf4 11. Ned5 g5 12. g3 Bxd5 13. Nxd5 Nxd5 14. exd5 Bh6 15.
gxf4 gxf4 16. Bxf4 Bxf4 17. Rxf4 Nd7 18. Qh5 Ne5 19. Re1 Qb6+ 20. Kh1 O-O-O 21.
Rxe5 dxe5 22. Qxe5 Qd6 23. Qxd6 Rxd6 24. c4 Re8 25. Rxf7 Re3 26. Bxh7 Re2 27.
Bf5+ Kb8 28. Rf8+ Ka7 29. Be6 Rb6 30. b3 Rxa2 31. Rf3 a5 32. c5 Rb4 33. d6 Rd4
34. Bh3 Rc2 35. Rf5 Rdd2 36. Bf1 Rxh2+ 37. Kg1 Rhd2 38. Bb5 Rc1+ 39. Bf1 Rc3 40.
Rf7 Rxc5 41. Bg2 Rg5 0-1

[Event "3rd OCF Thanksgiving"]
[Site "Stillwater USA"]
[Date "2011.11.26"]
[Round "4.3"]
[White "Anderson,M"]
[Black "Braunlich,T"]
[Result "0-1"]
[WhiteElo "1837"]
[BlackElo "2191"]
[WhiteFideId "2038757"]
[BlackFideId "2017016"]
[EventDate "2011.11.25"]
[EventType "swiss"]

1. d4 c5 2. d5 Nf6 3. Nc3 d6 4. e4 e5 5. Bb5+ Nbd7 6. Nge2 a6 7. Bxd7+ Bxd7 8.
O-O b5 9. Ng3 h5 10. Re1 b4 11. Nb1 h4 12. Nf1 Nh5 13. Be3 Be7 14. Nbd2 Bb5 15.
a4 bxa3 16. Rxa3 Bg5 17. Qf3 Nf4 18. Bxf4 Bxf4 19. Ne3 Rh6 20. g3 hxg3 21. fxg3
Bxe3+ 22. Qxe3 Qc8 23. Rea1 Qh3 24. Qf2 Rf6 25. Rf3 Rxf3 26. Qxf3 Qh6 27. Qf2
Ke7 28. Nf3 g6 29. b3 f6 30. c4 Bd7 31. Rf1 Rf8 32. Ra1 Bc8 33. Nh4 f5 34. Rf1
f4 35. Qd2 g5 36. Nf3 Bh3 37. Rf2 g4 38. Nh4 fxg3 39. hxg3 Qxd2 40. Ng6+ Ke8 41.
Rxf8+ Kd7 42. Rf7+ Kd8 43. Rf8+ Kc7 44. Rf7+ Kb6 45. Rf2 Qe1+ 0-1

[Event "3rd OCF Thanksgiving"]
[Site "Stillwater USA"]
[Date "2011.11.26"]
[Round "4.4"]
[White "Giminez,Randy"]
[Black "Berry,Ja"]
[Result "0-1"]
[WhiteElo "1811"]
[BlackElo "2003"]
[WhiteFideId "2047349"]
[BlackFideId "2025990"]
[EventDate "2011.11.25"]
[EventType "swiss"]

1. e4 c6 2. d4 d5 3. exd5 cxd5 4. c4 Nf6 5. Nc3 e6 6. Qb3 Be7 7. Nf3 O-O 8. Bg5
dxc4 9. Bxc4 Nc6 10. Rd1 Na5 11. Qa4 Nxc4 12. Qxc4 a6 13. O-O b5 14. Qe2 Bb7 15.
Bxf6 Bxf6 16. Ne4 Bxe4 17. Qxe4 Qb6 18. g4 Rad8 19. g5 Be7 20. h4 Rd5 21. Rfe1
Rfd8 22. Re3 R8d6 23. Red3 Qd8 24. Kg2 f6 25. g6 h6 26. Re1 Qe8 27. Qg4 f5 28.
Qg3 f4 29. Qg4 h5 30. Qxe6+ Rxe6 31. Rxe6 Qd7 0-1

[Event "3rd OCF Thanksgiving"]
[Site "Stillwater USA"]
[Date "2011.11.26"]
[Round "4.5"]
[White "Long,Ja1"]
[Black "Garrett,William J"]
[Result "1-0"]
[WhiteElo "2019"]
[BlackElo "1951"]
[WhiteFideId "2043181"]
[BlackFideId "2067803"]
[EventDate "2011.11.25"]
[EventType "swiss"]

1. Nf3 Nf6 2. g3 g6 3. Bg2 Bg7 4. O-O O-O 5. d3 d6 6. Nbd2 c5 7. e4 Nc6 8. Nc4
e5 9. a4 Be6 10. Ng5 Qe7 11. Nxe6 Qxe6 12. Ne3 Ne7 13. Bd2 Rad8 14. Qe2 Qd7 15.
Nc4 Qc7 16. Rae1 Nd7 17. Ne3 f5 18. exf5 Nxf5 19. Nd5 Qb8 20. Bg5 Rde8 21. c3 h6
22. Bc1 Kh7 23. h4 Nf6 24. Nxf6+ Rxf6 25. h5 Ne7 26. hxg6+ Nxg6 27. Be4 Kg8 28.
Qh5 Ne7 29. c4 Ref8 30. Kg2 Qe8 31. Qxe8 Rxe8 32. Bxb7 Nf5 33. Bd5+ Kf8 34. Rh1
Ke7 35. Rh5 1-0

[Event "3rd OCF Thanksgiving"]
[Site "Stillwater USA"]
[Date "2011.11.26"]
[Round "4.6"]
[White "Chikkala,Srikar"]
[Black "Dutiel,Tony"]
[Result "0-1"]
[WhiteElo "1810"]
[BlackElo "1957"]
[WhiteFideId "2022249"]
[BlackFideId "2022079"]
[EventDate "2011.11.25"]
[EventType "swiss"]

1. e4 e5 2. Nf3 Nc6 3. d4 exd4 4. Bc4 Bb4+ 5. c3 dxc3 6. bxc3 Ba5 7. O-O d6 8.
Qb3 Qf6 9. Bb2 Nge7 10. Nd4 Bb6 11. Bb5 O-O 12. Nxc6 Nxc6 13. Nd2 Be6 14. c4 Nd4
15. Qd3 a6 16. Ba4 Ne2+ 17. Qxe2 Qxb2 18. Bb3 Qf6 19. Kh1 Bd4 20. Rad1 Be5 21.
f4 Bc3 22. Rc1 Bxd2 23. Qxd2 Rfd8 24. Rcd1 a5 25. a4 Bd7 26. Qe3 Bc6 27. e5 Qg6
28. Qf2 Qe6 29. Rde1 Re8 30. f5 Qh6 31. Qg3 Rxe5 32. Rxe5 dxe5 33. Qxe5 Qh3 34.
Qb2 Re8 35. Bd1 Qxf5 36. Rg1 Qe5 37. Qd2 b6 38. Qf2 Qe3 39. Qb2 Re6 40. Bg4 Qe5
41. Qd2 Rd6 42. Qc2 Rh6 43. h3 Qg3 44. Qd1 Rxh3+ 45. Bxh3 Qxh3# 0-1

[Event "3rd OCF Thanksgiving"]
[Site "Stillwater USA"]
[Date "2011.11.26"]
[Round "4.11"]
[White "Johnson,C"]
[Black "Latino,C"]
[Result "1-0"]
[WhiteElo "1885"]
[BlackElo "2018"]
[WhiteFideId "2021919"]
[BlackFideId "2027275"]
[EventDate "2011.11.25"]
[EventType "swiss"]

1. d4 f5 2. c4 Nf6 3. Nf3 e6 4. g3 d5 5. Bg2 Be7 6. O-O O-O 7. b3 Ne4 8. Bb2 Nd7
9. Qc2 c6 10. Ne5 Ndf6 11. f3 Ng5 12. Nd2 Nd7 13. Nd3 Nf6 14. a4 Bd7 15. a5 a6
16. e3 Be8 17. Ba3 Nh5 18. Bxe7 Qxe7 19. e4 fxe4 20. fxe4 Nf6 21. exd5 exd5 22.
Rae1 Qd8 23. cxd5 Nxd5 24. Rxf8+ Kxf8 25. h4 Nf7 26. Nc5 Qxa5 27. Bh3 Qc3 28.
Qxc3 Nxc3 29. Nc4 Nd5 30. Nxb7 Nf6 31. Nc5 Nh6 32. Ne5 Nd5 33. g4 Nf7 34. g5
Nxe5 35. dxe5 Ke7 36. Ra1 Nf4 37. Bg4 Ng6 38. h5 Nxe5 39. Be2 Rd8 40. Rxa6 Rd2
41. Ra7+ Bd7 42. Kf2 Rc2 43. b4 Kd6 44. Ke3 g6 45. h6 Rb2 46. Rb7 Ra2 47. Rb8
Ra3+ 48. Kf4 Ra2 49. Bd1 Rf2+ 50. Ke3 Rf7 51. Bb3 Ng4+ 52. Kd4 Rf4+ 53. Ne4+ Kc7
54. Rh8 Bf5 55. Rxh7+ Kb8 56. Re7 Rf3 57. h7 Rh3 58. Nc5 Bc8 59. Bc4 Nh2 60. Na4 1-0

[Event "3rd OCF Thanksgiving"]
[Site "Stillwater USA"]
[Date "2011.11.26"]
[Round "5.1"]
[White "Orton,W"]
[Black "Braunlich,T"]
[Result "1/2-1/2"]
[WhiteElo "2149"]
[BlackElo "2191"]
[WhiteFideId "2003112"]
[BlackFideId "2017016"]
[EventDate "2011.11.25"]
[EventType "swiss"]

1. e4 c5 2. c3 d6 3. d4 Nf6 4. Bd3 g6 5. dxc5 dxc5 6. e5 Nh5 7. Be3 Qc7 8. f4
Ng7 9. Nf3 Nf5 10. Bf2 h5 11. O-O Bh6 12. g3 Bd7 13. Qe2 Bc6 14. Nbd2 e6 15. Bb5
Nd7 16. Bxc6 Qxc6 17. Rad1 Bf8 18. Ne4 Be7 19. Rd2 b6 20. Rfd1 Rd8 21. Nfg5 O-O
22. h3 Kg7 23. g4 hxg4 24. hxg4 Nh6 25. Rd3 Nb8 26. Rxd8 Rxd8 27. Rxd8 Bxd8 28.
Kh2 Nd7 29. Kg3 Be7 30. c4 Qc7 31. Nf3 Nb8 32. Be1 Qd8 33. Bc3 Nc6 34. Qd2 Qxd2
35. Nexd2 Nb4 36. Bxb4 cxb4 37. Nd4 a5 38. Ne4 Ng8 39. Nc6 Kf8 40. Na7 Ke8 41.
Nc8 Bd8 42. Ncd6+ Kf8 43. Kf3 f6 44. c5 f5 45. Nd2 bxc5 46. Nb7 fxg4+ 47. Kxg4
Nh6+ 48. Kf3 Be7 49. Nxa5 Nf5 50. Ndb3 Ke8 51. Nc4 Kd7 52. Ke4 Kc6 53. a4 bxa3
54. Nxa3 g5 1/2-1/2